| 000 | 00347nam a2200145Ia 4500 | ||
|---|---|---|---|
| 008 | 150201s2009 xx 000 0 und d | ||
| 082 |
_a167.6 _bC09H |
||
| 100 | _aHUPP,JR | ||
| 245 | _aCONTEMPORARY ORAL AND MXILLOFACICAL SURGERY | ||
| 250 | _a5TH | ||
| 260 |
_bELESIVIER _aNOIDA _c2009 |
||
| 300 | _a1-714 | ||
| 650 | _aDENTISTRY | ||
| 942 |
_2ddc _cBK |
||
| 999 |
_c398 _d398 |
||